000 00687nam a2200205Ia 4500
003 IN-BaIIA
008 211028s9999 xx 000 0 eng d
040 _cIIA Library
080 _a047.1:535.33
_bDEV-2
245 0 _aDevelopments in applied spectroscopy
_bvol. 2
_cedited by J. R. Ferraro and J. S. Ziomek
260 _aNew York
_bPlenum Press
_c1963
300 _ax, 438p.
650 _aAbsorption spectroscopy
_91788
650 _aAstronomy and astrophysics Thesaurus
650 _aOptical spectroscopy
_95312
650 _aSpectroscopy
_91535
700 _aFerraro, J. R., ed.
_95313
700 _aZiomek, J. S., ed.
_95314
942 _cBK
999 _c2989
_d2989